000
00343nam a2200145Ia 4500
008
150201s2006 xx 000 0 und d
082
_a
614.4
_b
B2006B
100
_a
BEAGLEHOLE
245
_a
BASIC EPIDEMIOLOGY
250
_a
1ST
260
_b
W.H.O / A.I.T.B.S.
_a
DELHI
_c
2006
300
_a
1-174
650
_a
ORAL PATHOLOGY
942
_2
ddc
_c
BK
999
_c
4174
_d
4174